000 00570nam a22001697a 4500
999 _c16869
_d16869
008 220420b ||||| |||| 00| 0 eng d
020 _a9781260576023
082 _22021
_aDC 512.9
_bM612
100 _aMiller, Julie, author
_945075
245 _aCollege algebra with corequisite support/
_cJulie Miller, Donna Gerken, authors
260 _aNew York, NY:
_bMc Graw Hill,
_c2021.
300 _av, 932 pages:
_billustrations;
_c27 cm.
500 _aIncludes appendices and index.
650 _aAlgebra
_945076
700 _aGerken, Donna,
_eauthor
_945077
942 _2ddc
_cDC